<?xml version="1.0" encoding="UTF-8"?>
<record
    xmlns:xsi="http://www.w3.org/2001/XMLSchema-instance"
    xsi:schemaLocation="http://www.loc.gov/MARC21/slim http://www.loc.gov/standards/marcxml/schema/MARC21slim.xsd"
    xmlns="http://www.loc.gov/MARC21/slim">

  <leader>00331nam a22001337a 4500</leader>
  <controlfield tag="008">240926b        |||||||| |||| 00| 0 eng d</controlfield>
  <datafield tag="022" ind1=" " ind2=" ">
    <subfield code="a">09716858</subfield>
  </datafield>
  <datafield tag="041" ind1=" " ind2=" ">
    <subfield code="a">Eng</subfield>
  </datafield>
  <datafield tag="245" ind1=" " ind2=" ">
    <subfield code="a">Journal Of Human Values</subfield>
  </datafield>
  <datafield tag="260" ind1=" " ind2=" ">
    <subfield code="a">New Dehli</subfield>
    <subfield code="b">Sage Publication</subfield>
    <subfield code="c">2024</subfield>
  </datafield>
  <datafield tag="300" ind1=" " ind2=" ">
    <subfield code="a">90p</subfield>
  </datafield>
  <datafield tag="856" ind1=" " ind2=" ">
    <subfield code="u">journals.sagepub.com/home/jhv</subfield>
  </datafield>
  <datafield tag="942" ind1=" " ind2=" ">
    <subfield code="c">SR</subfield>
    <subfield code="s">1</subfield>
  </datafield>
  <datafield tag="999" ind1=" " ind2=" ">
    <subfield code="c">41536</subfield>
    <subfield code="d">41536</subfield>
  </datafield>
  <datafield tag="952" ind1=" " ind2=" ">
    <subfield code="0">0</subfield>
    <subfield code="1">0</subfield>
    <subfield code="2">ddc</subfield>
    <subfield code="4">0</subfield>
    <subfield code="7">0</subfield>
    <subfield code="a">IMTN</subfield>
    <subfield code="b">IMTN</subfield>
    <subfield code="d">2024-09-26</subfield>
    <subfield code="h">Vol. 30, No. 1</subfield>
    <subfield code="l">0</subfield>
    <subfield code="p">P19</subfield>
    <subfield code="r">2024-09-26 00:00:00</subfield>
    <subfield code="w">2024-09-26</subfield>
    <subfield code="y">SR</subfield>
  </datafield>
  <datafield tag="952" ind1=" " ind2=" ">
    <subfield code="0">0</subfield>
    <subfield code="1">0</subfield>
    <subfield code="2">ddc</subfield>
    <subfield code="4">0</subfield>
    <subfield code="7">0</subfield>
    <subfield code="a">IMTN</subfield>
    <subfield code="b">IMTN</subfield>
    <subfield code="d">2024-09-26</subfield>
    <subfield code="h">Vol. 30, No. 2</subfield>
    <subfield code="l">0</subfield>
    <subfield code="p">P20</subfield>
    <subfield code="r">2024-09-26 00:00:00</subfield>
    <subfield code="w">2024-09-26</subfield>
    <subfield code="y">SR</subfield>
  </datafield>
  <datafield tag="952" ind1=" " ind2=" ">
    <subfield code="0">0</subfield>
    <subfield code="1">0</subfield>
    <subfield code="2">ddc</subfield>
    <subfield code="4">0</subfield>
    <subfield code="7">0</subfield>
    <subfield code="a">IMTN</subfield>
    <subfield code="b">IMTN</subfield>
    <subfield code="d">2024-09-26</subfield>
    <subfield code="h">Vol. 30, No. 3</subfield>
    <subfield code="l">0</subfield>
    <subfield code="p">P21</subfield>
    <subfield code="r">2024-09-26 00:00:00</subfield>
    <subfield code="w">2024-09-26</subfield>
    <subfield code="y">SR</subfield>
  </datafield>
  <datafield tag="952" ind1=" " ind2=" ">
    <subfield code="0">0</subfield>
    <subfield code="1">0</subfield>
    <subfield code="2">ddc</subfield>
    <subfield code="4">0</subfield>
    <subfield code="7">0</subfield>
    <subfield code="a">IMTN</subfield>
    <subfield code="b">IMTN</subfield>
    <subfield code="d">2025-08-13</subfield>
    <subfield code="h">Vol. 31, No. 1</subfield>
    <subfield code="l">0</subfield>
    <subfield code="p">P753</subfield>
    <subfield code="r">2025-08-13 00:00:00</subfield>
    <subfield code="w">2025-08-13</subfield>
    <subfield code="y">SR</subfield>
  </datafield>
  <datafield tag="952" ind1=" " ind2=" ">
    <subfield code="0">0</subfield>
    <subfield code="1">0</subfield>
    <subfield code="2">ddc</subfield>
    <subfield code="4">0</subfield>
    <subfield code="7">0</subfield>
    <subfield code="a">IMTN</subfield>
    <subfield code="b">IMTN</subfield>
    <subfield code="d">2025-05-01</subfield>
    <subfield code="e">2025-08-13</subfield>
    <subfield code="h">Vol. 31, No. 2</subfield>
    <subfield code="l">0</subfield>
    <subfield code="p">P754</subfield>
    <subfield code="r">2025-08-13 00:00:00</subfield>
    <subfield code="w">2025-08-13</subfield>
    <subfield code="y">SR</subfield>
  </datafield>
  <datafield tag="952" ind1=" " ind2=" ">
    <subfield code="0">0</subfield>
    <subfield code="1">0</subfield>
    <subfield code="2">ddc</subfield>
    <subfield code="4">0</subfield>
    <subfield code="7">0</subfield>
    <subfield code="a">IMTN</subfield>
    <subfield code="b">IMTN</subfield>
    <subfield code="d">2025-09-29</subfield>
    <subfield code="h">Vol. 31, No. 3</subfield>
    <subfield code="l">0</subfield>
    <subfield code="p">P898</subfield>
    <subfield code="r">2025-09-29 00:00:00</subfield>
    <subfield code="w">2025-09-29</subfield>
    <subfield code="y">SR</subfield>
  </datafield>
</record>
